PIERRE BRUNEL, GIOVANNI DOTOLI, ROBERT KOPP (dir.), Autour de Salah Stétié (en Sorbonne le 13 janvier 2000). Fasano-Paris, Schena-Didier Érudition, 2000. Un vol. de 60 p. (notice n° 1661105)
[ vue normale ]
| 000 -LEADER | |
|---|---|
| fixed length control field | 00642cam a2200145 4500500 |
| 005 - DATE AND TIME OF LATEST TRANSACTION | |
| control field | 20260208020903.0 |
| 041 ## - LANGUAGE CODE | |
| Language code of text/sound track or separate title | fre |
| 042 ## - AUTHENTICATION CODE | |
| Authentication code | dc |
| 100 10 - MAIN ENTRY--PERSONAL NAME | |
| Personal name | Reid, Martine |
| Relator term | author |
| 245 00 - TITLE STATEMENT | |
| Title | PIERRE BRUNEL, GIOVANNI DOTOLI, ROBERT KOPP (dir.), Autour de Salah Stétié (en Sorbonne le 13 janvier 2000). Fasano-Paris, Schena-Didier Érudition, 2000. Un vol. de 60 p. |
| 260 ## - PUBLICATION, DISTRIBUTION, ETC. | |
| Date of publication, distribution, etc. | 2003.<br/> |
| 500 ## - GENERAL NOTE | |
| General note | 28 |
| 786 0# - DATA SOURCE ENTRY | |
| Note | Revue d'histoire littéraire de la France | 103 | 1 | 2003-03-01 | p. 193za-239za | 0035-2411 |
| 856 41 - ELECTRONIC LOCATION AND ACCESS | |
| Uniform Resource Identifier | <a href="https://shs.cairn.info/revue-d-histoire-litteraire-de-la-france-2003-1-page-193za?lang=fr&redirect-ssocas=7080">https://shs.cairn.info/revue-d-histoire-litteraire-de-la-france-2003-1-page-193za?lang=fr&redirect-ssocas=7080</a> |
Pas d'exemplaire disponible.




Réseaux sociaux